[Event "Dvorkovich Memorial op"]
[Site "Taganrog"]
[Date "2018.01.22"]
[Round "8"]
[White "Bezuglov, Nikolay"]
[Black "Karagachev, Makar"]
[Result "1-0"]
[WhiteElo "1719"]
[BlackElo "1265"]
[PlyCount "119"]
[EventDate "2018.01.15"]
[EventType "swiss"]
[EventRounds "9"]
[EventCountry "RUS"]
[SourceTitle "CBM 182 Extra"]
[Source "ChessBase"]
[SourceDate "2018.02.23"]
[SourceVersion "1"]
[SourceVersionDate "2018.02.23"]
[SourceQuality "1"]

1. e4 e5 2. Nf3 Nc6 3. Bb5 d6 4. 0-0 Bd7 5. c3 Nf6 6. d3 Be7 7. Nbd2 0-0 8. h3 a6 9. Ba4 Na7 10. Bb3 Kh8 11. d4 Nc6 12. Re1 Qc8 13. Ng5 Be8 14. Nf1 h6 15. Nf3 Bd7 16. Ng3 Ne8 17. Be3 f5 18. exf5 Bxf5 19. Nxf5 Qxf5 20. Qd2 Qg6 21. Bc2 e4 22. Nh2 d5 23. Kh1 Na5 24. b3 Bd6 25. c4 Nc6 26. c5 Bxh2 27. Kxh2 Qf7 28. Rf1 Nf6 29. f3 exf3 30. Rxf3 Qh5 31. Rf4 Rfe8 32. Raf1 Re6 33. Bf5 Re7 34. Qd3 Qe8 35. Bd2 Ne4 36. Be1 Rd8 37. Rg4 Nf6 38. Bh4 Nxg4+ 39. Bxg4 g5 40. Bg3 Re4 41. Qf3 Qe7 42. Bf5 Nxd4 43. Qh5 Nxf5 44. Rxf5 Qg7 45. Rf7 d4 46. Rxg7 Kxg7 47. Qf3 Rde8 48. Qd3 Kf6 49. Bxc7 h5 50. Bg3 h4 51. Bd6 g4 52. hxg4 Rxg4 53. Qf3+ Kg5 54. Qd5+ Kf6 55. Qxb7 Ree4 56. Qxa6 Re3 57. c6 d3 58. c7 h3 59. Bf4+ Re6 60. Qxe6+ 1-0

[Event "Dvorkovich Memorial op"]
[Site "Taganrog"]
[Date "2018.01.16"]
[Round "2"]
[White "Balashov, Yuri S"]
[Black "Karagachev, Makar"]
[Result "1-0"]
[WhiteElo "2434"]
[BlackElo "1265"]
[PlyCount "65"]
[EventDate "2018.01.15"]
[EventType "swiss"]
[EventRounds "9"]
[EventCountry "RUS"]
[SourceTitle "CBM 182 Extra"]
[Source "ChessBase"]
[SourceDate "2018.02.23"]
[SourceVersion "1"]
[SourceVersionDate "2018.02.23"]
[SourceQuality "1"]

1. c4 g6 2. d4 Bg7 3. Nc3 Nf6 4. e4 d6 5. Be2 0-0 6. Bg5 Nbd7 7. Qd2 b6 8. f3 Bb7 9. Nh3 c5 10. d5 Ne8 11. Nf2 f5 12. h4 Bd4 13. h5 Bg7 14. hxg6 hxg6 15. Bh6 Rf7 16. Nh3 Bf6 17. Ng5 Ng7 18. Nxf7 Kxf7 19. Bxg7 Bxg7 20. exf5 gxf5 21. Bd3 Ne5 22. Bxf5 Bc8 23. Qg5 Qg8 24. f4 Nxc4 25. Bxc8 Qxc8 26. Rh7 Qf8 27. 0-0-0 Kg8 28. Rdh1 Kf7 29. R1h6 Qg8 30. Qh5+ Kf8 31. Rxg7 Kxg7 32. Rg6+ Kf8 33. Rxg8+ 1-0